[Event "Val d'Or op"]
[Site "Val d'Or CAN"]
[Date "2013.11.17"]
[Round "3"]
[White "Bouffard, Pierre"]
[Black "Audet, Olivier"]
[Result "1-0"]
[WhiteElo "1464"]
[BlackElo "1190"]
[PlyCount "113"]
[GameId "2160767909216444"]
[EventDate "2013.11.16"]
[EventType "swiss"]
[EventRounds "4"]
[EventCountry "CAN"]

1. e4 d6 2. d4 Nf6 3. Nc3 g6 4. Bc4 Bg7 5. h3 O-O 6. Nge2 c5 7. Be3 cxd4 8. Nxd4 Nbd7 9. Qd2 Nc5 10. f3 a6 11. Bh6 Bd7 12. Bxg7 Kxg7 13. h4 b5 14. Bd5 Nxd5 15. Nxd5 Rh8 16. h5 e6 17. hxg6 hxg6 18. Rxh8 Qxh8 19. Ne3 Re8 20. O-O-O Nb7 21. Nb3 Qh6 22. Kb1 a5 23. Qc3+ e5 24. Nd5 Rc8 25. Qe1 a4 26. Nc1 Qh8 27. Nb6 Rd8 28. Nxd7 Rxd7 29. Qb4 Qe8 30. Qxb5 Re7 31. Qe2 Qc6 32. Nd3 a3 33. b3 Qc3 34. Qd2 Qxd2 35. Rxd2 f5 36. exf5 gxf5 37. c4 e4 38. fxe4 fxe4 39. Nf4 Kh6 40. Re2 Kg5 41. Nd5 Re5 42. Nc3 Nc5 43. b4 Nb7 44. Rxe4 Rxe4 45. Nxe4+ Kf4 46. Nd2 Kg3 47. Kc2 Kxg2 48. Nb1 Kf3 49. Nxa3 Ke3 50. Kc3 Ke4 51. Nb5 Ke5 52. a4 Nd8 53. Nc7 Nc6 54. a5 Nxb4 55. Kxb4 d5 56. Nxd5 Kd6 57. Kb5 1-0

[Event "Val d'Or op"]
[Site "Val d'Or CAN"]
[Date "2013.11.17"]
[Round "3"]
[White "Couture, Gerard"]
[Black "Birkett, Tyson"]
[Result "0-1"]
[WhiteElo "1597"]
[BlackElo "1563"]
[PlyCount "40"]
[GameId "2160767909216445"]
[EventDate "2013.11.16"]
[EventType "swiss"]
[EventRounds "4"]
[EventCountry "CAN"]

1. e4 c5 2. Nf3 d6 3. Bb5+ Bd7 4. Bxd7+ Nxd7 5. O-O Ngf6 6. Qe2 e6 7. c4 Be7 8. Nc3 e5 9. Nh4 O-O 10. Nf5 Kh8 11. d3 Rg8 12. f4 Bf8 13. fxe5 Nxe5 14. Nd5 Nxd5 15. cxd5 g6 16. Nh6 Bxh6 17. Bxh6 Qh4 18. Bf4 f6 19. Bg3 Qg5 20. h4 Qxg3 0-1

[Event "Val d'Or op"]
[Site "Val d'Or CAN"]
[Date "2013.11.17"]
[Round "3"]
[White "Couture, Jonathan"]
[Black "Carrier, Claude"]
[Result "0-1"]
[WhiteElo "1789"]
[BlackElo "2158"]
[PlyCount "46"]
[GameId "2160767909216446"]
[EventDate "2013.11.16"]
[EventType "swiss"]
[EventRounds "4"]
[EventCountry "CAN"]

1. c4 e5 2. Nc3 Nf6 3. Nf3 Nc6 4. a3 d5 5. cxd5 Nxd5 6. e3 Nxc3 7. bxc3 e4 8. Ng1 Bd6 9. Bb5 Qg5 10. Bxc6+ bxc6 11. g3 O-O 12. Kf1 f5 13. h4 Ba6+ 14. Kg2 Qg4 15. Qa4 Bd3 16. Qxc6 f4 17. Qd5+ Kh8 18. Qg5 Bf1+ 19. Kxf1 Qd1+ 20. Kg2 f3+ 21. Nxf3 Qxf3+ 22. Kh2 Qxf2+ 23. Kh3 Rf3 0-1

[Event "Val d'Or op"]
[Site "Val d'Or CAN"]
[Date "2013.11.17"]
[Round "3"]
[White "Crepeault, Adam"]
[Black "Boucher, Mario"]
[Result "0-1"]
[WhiteElo "1483"]
[BlackElo "1581"]
[PlyCount "84"]
[GameId "2160767909216447"]
[EventDate "2013.11.16"]
[EventType "swiss"]
[EventRounds "4"]
[EventCountry "CAN"]

1. d4 d5 2. Nd2 Nf6 3. c3 e6 4. Qc2 c5 5. dxc5 Bxc5 6. Nb3 Bb6 7. Bd2 Ne4 8. Nh3 Nxd2 9. Qxd2 O-O 10. O-O-O Nc6 11. e3 Qe7 12. Nf4 a5 13. Bd3 a4 14. Nd4 Nxd4 15. exd4 a3 16. Rde1 axb2+ 17. Qxb2 Bc7 18. Kb1 Bxf4 19. g3 Bd6 20. Qc2 g6 21. h4 f5 22. h5 Rf7 23. hxg6 hxg6 24. g4 Rh7 25. Rhg1 Kf7 26. gxf5 gxf5 27. Bxf5 Rg7 28. Bg6+ Kf8 29. Re3 Qf6 30. Rh3 Ke7 31. Rh7 Bd7 32. Rxg7+ Qxg7 33. Rh1 Rh8 34. Bh5 Be8 35. Qd1 Qh7+ 36. Kb2 Bxh5 37. Qb3 Kf6 38. c4 Qe4 39. Rxh5 Rxh5 40. Qd1 Rh1 41. Qd2 Rb1+ 42. Kc3 Bb4# 0-1

[Event "Val d'Or op"]
[Site "Val d'Or CAN"]
[Date "2013.11.17"]
[Round "3"]
[White "Labrecque, Jason"]
[Black "Lecomte, Andre"]
[Result "0-1"]
[WhiteElo "1749"]
[BlackElo "1927"]
[PlyCount "82"]
[GameId "2160767909216448"]
[EventDate "2013.11.16"]
[EventType "swiss"]
[EventRounds "4"]
[EventCountry "CAN"]

1. d4 d5 2. c4 e6 3. e3 Nf6 4. Nc3 c6 5. Bd3 Nbd7 6. Nf3 Bd6 7. O-O e5 8. dxe5 Nxe5 9. Nxe5 Bxe5 10. cxd5 cxd5 11. Bb5+ Bd7 12. Bxd7+ Qxd7 13. Bd2 O-O 14. Rc1 Rac8 15. h3 Rc6 16. Qa4 a6 17. Qh4 Re8 18. f4 Bxc3 19. Rxc3 Ne4 20. Rd3 Rc2 21. Bc3 Nxc3 22. Rxc3 Rxc3 23. bxc3 Rxe3 24. Re1 Rxe1+ 25. Qxe1 f5 26. Qd2 Qe6 27. Kf2 Qe4 28. a4 b5 29. axb5 axb5 30. Qe3 h6 31. g4 Qxe3+ 32. Kxe3 fxg4 33. hxg4 g6 34. Kd4 h5 35. gxh5 gxh5 36. Kxd5 Kf7 37. Ke4 Kf6 38. f5 h4 39. Kf4 h3 40. Kg3 Kxf5 41. Kxh3 Ke4 0-1

[Event "Val d'Or op"]
[Site "Val d'Or CAN"]
[Date "2013.11.17"]
[Round "3"]
[White "Langlais, Daniel"]
[Black "Lynch, Jonathan"]
[Result "1-0"]
[WhiteElo "1789"]
[BlackElo "1571"]
[PlyCount "89"]
[GameId "2160767909216449"]
[EventDate "2013.11.16"]
[EventType "swiss"]
[EventRounds "4"]
[EventCountry "CAN"]

1. Nf3 g6 2. Nc3 Nc6 3. b3 Bg7 4. Bb2 e6 5. e4 Nge7 6. d4 f5 7. e5 b6 8. g3 Bb7 9. Bg2 d6 10. exd6 Qxd6 11. Ne2 O-O-O 12. O-O e5 13. c3 e4 14. Nd2 b5 15. a4 b4 16. Nc4 Qd5 17. Nf4 Qf7 18. Ne2 bxc3 19. Bxc3 Nxd4 20. Nxd4 c5 21. Qc2 Bxd4 22. Bxd4 Rxd4 23. Na3 c4 24. Nxc4 Kb8 25. Qc3 Rhd8 26. Na5 Qd5 27. Nxb7 Qxb7 28. Qc5 R8d5 29. Qc3 Nc6 30. Rfc1 Ne5 31. Qe3 Rd3 32. Qf4 Qxb3 33. Bf1 Ka8 34. Bxd3 Qxd3 35. Rab1 Qa6 36. Qh6 Rd8 37. Qxh7 Rc8 38. Rxc8+ Qxc8 39. Qe7 e3 40. fxe3 Nf3+ 41. Kg2 Nxh2 42. Rd1 Qc6+ 43. e4 Qxe4+ 44. Qxe4+ fxe4 45. Kxh2 1-0

[Event "Val d'Or op"]
[Site "Val d'Or CAN"]
[Date "2013.11.17"]
[Round "4"]
[White "Audet, Olivier"]
[Black "Authier, Alain"]
[Result "0-1"]
[WhiteElo "1190"]
[BlackElo "1901"]
[PlyCount "56"]
[GameId "2160767909216450"]
[EventDate "2013.11.16"]
[EventType "swiss"]
[EventRounds "4"]
[EventCountry "CAN"]

1. d4 Nf6 2. c4 c5 3. d5 b5 4. b3 bxc4 5. bxc4 g6 6. Nd2 Qa5 7. Ngf3 Bg7 8. Bb2 O-O 9. e3 d6 10. Bd3 Na6 11. a3 Rb8 12. Rb1 Bd7 13. O-O Rb7 14. Ne4 Rxb2 15. Rxb2 Nxe4 16. Ra2 Nc3 17. Qe1 Nb4 18. Ra1 Nxd3 19. Qd2 Ne5 20. Nxe5 Bxe5 21. f4 Bg7 22. h3 Qa4 23. Qe1 Qxc4 24. Kh1 Bb5 25. Qf2 Ne4 26. Qf3 Bxa1 27. Rxa1 Qc2 28. Kh2 Be2 0-1

[Event "Val d'Or op"]
[Site "Val d'Or CAN"]
[Date "2013.11.17"]
[Round "4"]
[White "Birkett, Tyson"]
[Black "Couture, Jonathan"]
[Result "0-1"]
[WhiteElo "1563"]
[BlackElo "1789"]
[PlyCount "84"]
[GameId "2160767909216451"]
[EventDate "2013.11.16"]
[EventType "swiss"]
[EventRounds "4"]
[EventCountry "CAN"]

1. e4 g6 2. Nf3 Bg7 3. Bc4 d6 4. c3 Nf6 5. d3 O-O 6. O-O Bg4 7. h3 Bxf3 8. Qxf3 Nc6 9. d4 h6 10. Nd2 e5 11. d5 Ne7 12. Bd3 Nh7 13. g4 Qd7 14. Qg3 g5 15. f3 Ng6 16. Nb3 Kh8 17. Rf2 Rg8 18. Be3 Bf6 19. Rh2 Qe7 20. Nd2 Nf4 21. Bxf4 gxf4 22. Qg2 Bh4 23. Nf1 Qd7 24. Kh1 Nf6 25. Qe2 Rg5 26. Rg2 Rag8 27. b3 Nh5 28. Qd2 R8g7 29. Rb1 Kg8 30. Rb2 Nf6 31. Qd1 h5 32. Be2 Kf8 33. c4 hxg4 34. hxg4 Nh5 35. Bd3 Ng3+ 36. Kg1 Nxf1 37. Kxf1 Bg3 38. Qe2 f6 39. Rg1 Rh7 40. Qg2 Rh2 41. Qxh2 Bxh2 42. Rgg2 Bg3 0-1

[Event "Val d'Or op"]
[Site "Val d'Or CAN"]
[Date "2013.11.17"]
[Round "4"]
[White "Boucher, Mario"]
[Black "Langlais, Daniel"]
[Result "0-1"]
[WhiteElo "1581"]
[BlackElo "1789"]
[PlyCount "156"]
[GameId "2160767909216452"]
[EventDate "2013.11.16"]
[EventType "swiss"]
[EventRounds "4"]
[EventCountry "CAN"]

1. e4 c6 2. d4 d5 3. Nc3 e6 4. Nf3 Nf6 5. e5 Nfd7 6. Bg5 Qa5 7. a3 c5 8. dxc5 Qxc5 9. Be3 Qa5 10. b4 Qd8 11. Be2 a6 12. O-O Nc6 13. Bf4 Qc7 14. Re1 Nxb4 15. axb4 Qxc3 16. Bd2 Qc7 17. Bd3 g6 18. Qe2 Bg7 19. Rac1 b5 20. Bf4 Nb6 21. Qe3 h6 22. h4 Bb7 23. c3 Rc8 24. Nh2 Qd8 25. g3 Na4 26. Bb1 Nb2 27. Bd3 Nxd3 28. Qxd3 Rc4 29. Nf3 Qc7 30. Nd2 Rc6 31. Nb3 Qd8 32. Qe3 Rc4 33. Nd2 Rc8 34. Nb3 Rc7 35. Nc5 Bc8 36. Ra1 Rc6 37. Ra2 Bf8 38. Nb3 Qc7 39. Rc1 Qd8 40. Nd4 Rc4 41. Nb3 Re4 42. Qd2 Be7 43. f3 Rc4 44. Na5 Rc7 45. Nb3 g5 46. hxg5 hxg5 47. Be3 Qd7 48. Nc5 Qc6 49. Qf2 f6 50. exf6 Bxf6 51. Re1 Rch7 52. Qg2 Bxc3 53. Ree2 Bxb4 54. Rac2 g4 55. Bd4 Rh1+ 56. Qxh1 Rxh1+ 57. Kxh1 gxf3 58. Rh2 Kf7 59. Nd3 Qd6 60. Rxc8 Qxg3 61. Ne5+ Kf6 62. Nxf3+ Kf5 63. Nh4+ Ke4 64. Bf2 Qg4 65. Rc1 Bd2 66. Rg1 Qh5 67. Be1 Be3 68. Rgg2 d4 69. Ng6 Qd1 70. Rh4+ Kd5 71. Rgg4 Qxe1+ 72. Kh2 b4 73. Rh5+ Kc4 74. Ne5+ Kc3 75. Rg2 Bf4+ 76. Kh3 Bxe5 77. Kg4 Qe4+ 78. Kh3 Qf3+ 0-1

[Event "Val d'Or op"]
[Site "Val d'Or CAN"]
[Date "2013.11.17"]
[Round "4"]
[White "Bouffard, Pierre"]
[Black "Crepeault, Adam"]
[Result "1/2-1/2"]
[WhiteElo "1464"]
[BlackElo "1483"]
[PlyCount "49"]
[GameId "2160767909216453"]
[EventDate "2013.11.16"]
[EventType "swiss"]
[EventRounds "4"]
[EventCountry "CAN"]

1. e4 c5 2. Nf3 d6 3. b3 Nf6 4. Nc3 Bd7 5. Bb2 Nc6 6. d4 cxd4 7. Nxd4 g6 8. Nf3 h5 9. Nd2 Bg7 10. f4 Ng4 11. h3 Ne3 12. Qc1 Nd4 13. Bd3 e5 14. Nf3 Nxg2+ 15. Kf2 Nxf3 16. Kxf3 Nh4+ 17. Kf2 exf4 18. Nd5 Bxb2 19. Qxb2 Rf8 20. Nf6+ Ke7 21. Nd5+ Ke6 22. Nxf4+ Ke7 23. Nd5+ Ke6 24. Nf4+ Ke7 25. Nd5+ 1/2-1/2

[Event "Val d'Or op"]
[Site "Val d'Or CAN"]
[Date "2013.11.17"]
[Round "4"]
[White "Carrier, Claude"]
[Black "Lecomte, Andre"]
[Result "1-0"]
[WhiteElo "2158"]
[BlackElo "1927"]
[PlyCount "83"]
[GameId "2160767909216454"]
[EventDate "2013.11.16"]
[EventType "swiss"]
[EventRounds "4"]
[EventCountry "CAN"]

1. e4 c5 2. Nf3 Nc6 3. d4 cxd4 4. Nxd4 Nf6 5. Nc3 e5 6. Ndb5 d6 7. a4 a6 8. Na3 Be6 9. Bg5 Be7 10. Bxf6 Bxf6 11. Nc4 Nd4 12. Nd5 Rc8 13. c3 Bxd5 14. exd5 Nf5 15. Qg4 g6 16. Bd3 Ne7 17. a5 Bg7 18. Nb6 Rc7 19. Qa4+ Kf8 20. O-O f5 21. f3 Bf6 22. Rad1 Kg7 23. Qa3 Re8 24. c4 Bg5 25. Rfe1 Ng8 26. b4 Nf6 27. Bf1 e4 28. fxe4 fxe4 29. c5 e3 30. Nc4 Ng4 31. Nxd6 Rf8 32. Be2 Nxh2 33. Ne4 Rf2 34. Qc3+ Kh6 35. Nxf2 exf2+ 36. Kxf2 Bh4+ 37. g3 Qg5 38. Kg2 Rf7 39. Qd2 Rf2+ 40. Kg1 Qxd2 41. Rxd2 Bxg3 42. Rd3 1-0

[Event "Val d'Or op"]
[Site "Val d'Or CAN"]
[Date "2013.11.17"]
[Round "4"]
[White "Lynch, Jonathan"]
[Black "Labrecque, Jason"]
[Result "1/2-1/2"]
[WhiteElo "1571"]
[BlackElo "1749"]
[PlyCount "63"]
[GameId "2160767909216455"]
[EventDate "2013.11.16"]
[EventType "swiss"]
[EventRounds "4"]
[EventCountry "CAN"]

1. e4 e6 2. d4 d5 3. e5 c5 4. c3 Nc6 5. Nf3 Bd7 6. a3 a5 7. a4 Qb6 8. Bb5 cxd4 9. Bxc6 bxc6 10. cxd4 Bb4+ 11. Bd2 Ne7 12. O-O O-O 13. Bxb4 Qxb4 14. Qd2 Rfb8 15. Qxb4 Rxb4 16. Nbd2 Rxb2 17. Rfb1 Rab8 18. g4 Bc8 19. Rxb2 Rxb2 20. Rb1 Rxb1+ 21. Nxb1 Ba6 22. Nc3 Nc8 23. Nd2 Nb6 24. Nb3 Nc4 25. Nc5 Bc8 26. Nb3 f6 27. f4 Kf7 28. Kf2 Kg6 29. h3 fxe5 30. fxe5 Kf7 31. Kf3 g5 32. Kg3 1/2-1/2

[Event "Varennes"]
[Site "Varennes CAN"]
[Date "2013.11.08"]
[Round "1"]
[White "Caire, Francois"]
[Black "Giroux, Robert"]
[Result "1-0"]
[WhiteElo "2134"]
[BlackElo "1912"]
[PlyCount "61"]
[GameId "2160767909216650"]
[EventDate "2013.11.08"]
[EventType "swiss"]
[EventRounds "5"]
[EventCountry "CAN"]
[SourceTitle "hb 2013"]

1. d4 Nf6 2. c4 d6 3. Nc3 e5 4. Nf3 e4 5. Nd2 Qe7 6. e3 c6 7. Qc2 Bf5 8. b4 d5 9. c5 Qe6 10. b5 Be7 11. bxc6 Nxc6 12. Rb1 O-O 13. Qa4 Bxc5 14. dxc5 d4 15. Nb5 dxe3 16. fxe3 Nd5 17. Bc4 Qh6 18. Nf1 Rad8 19. Bxd5 Rxd5 20. Ng3 Bg4 21. O-O Re5 22. Nd6 Re7 23. Ndf5 Bxf5 24. Nxf5 Qe6 25. Nxe7+ Qxe7 26. Qb5 Qe6 27. a3 h6 28. Bb2 a6 29. Qe2 Na5 30. Bd4 Nb3 31. Qb2 1-0

[Event "Varennes"]
[Site "Varennes CAN"]
[Date "2013.11.08"]
[Round "1"]
[White "Johnson-Constantin, Mathieu"]
[Black "Blais, Georges"]
[Result "1/2-1/2"]
[WhiteElo "1641"]
[BlackElo "1469"]
[PlyCount "98"]
[GameId "2160767909216653"]
[EventDate "2013.11.08"]
[EventType "swiss"]
[EventRounds "5"]
[EventCountry "CAN"]

1. e4 c5 2. Nf3 d6 3. d4 cxd4 4. Nxd4 Nf6 5. Nc3 a6 6. Be2 e5 7. Nb3 Be6 8. O-O Be7 9. Be3 Nbd7 10. Bf3 O-O 11. a4 Nb6 12. Bxb6 Qxb6 13. a5 Qc7 14. g4 h6 15. Kh1 b5 16. h4 Nh7 17. h5 Rac8 18. Rc1 Rfd8 19. Nd5 Bxd5 20. exd5 Bg5 21. Nd2 Qxa5 22. c3 Bf4 23. Ra1 Qb6 24. Nb3 Ng5 25. Na5 Re8 26. Nc6 e4 27. Be2 Ra8 28. Qd4 Qc7 29. f3 exf3 30. Bxf3 Be3 31. Qd1 Nh3 32. Kg2 Ng5 33. Re1 Qd7 34. Qd3 Nxf3 35. Kxf3 Bg5 36. c4 Qb7 37. b3 Qb6 38. Re4 Bh4 39. Ra2 Rxe4 40. Qxe4 Qg1 41. Rg2 Qf1+ 42. Ke3 Bg5+ 43. Kd4 Qa1+ 44. Kd3 Qd1+ 45. Kc3 Qa1+ 46. Kb4 a5+ 47. Kxb5 Qa3 48. Kb6 Qc5+ 49. Kb7 Rf8 1/2-1/2

[Event "Varennes"]
[Site "Varennes CAN"]
[Date "2013.11.08"]
[Round "1"]
[White "Lawson, Eric"]
[Black "Turcotte, Jonathan"]
[Result "1-0"]
[WhiteElo "2379"]
[BlackElo "2047"]
[PlyCount "79"]
[GameId "2160767909216654"]
[EventDate "2013.11.08"]
[EventType "swiss"]
[EventRounds "5"]
[EventCountry "CAN"]
[SourceTitle "hb 2013"]

1. d4 d5 2. Bg5 c6 3. e3 Bf5 4. Nf3 h6 5. Bh4 Qb6 6. Qc1 Nd7 7. c4 e6 8. c5 Qc7 9. Bg3 Qd8 10. b4 a6 11. Nc3 Ngf6 12. h3 Be7 13. Be2 O-O 14. a4 Ne4 15. Bh2 Bf6 16. Nxe4 Bxe4 17. O-O Re8 18. Qc3 Bxf3 19. Bxf3 e5 20. b5 axb5 21. axb5 Qe7 22. Rxa8 Rxa8 23. bxc6 bxc6 24. Qb4 exd4 25. exd4 Nf8 26. Bd6 Qa7 27. Qb6 Qa6 28. Rb1 Ne6 29. Qxa6 Rxa6 30. Rb6 Ra1+ 31. Kh2 Nxd4 32. Bg4 Kh7 33. Bd7 Bd8 34. Be5 Bxb6 35. cxb6 c5 36. Bxd4 cxd4 37. b7 d3 38. Bf5+ g6 39. Bxd3 Ra3 40. Bb5 1-0

[Event "Varennes"]
[Site "Varennes CAN"]
[Date "2013.11.08"]
[Round "1"]
[White "Masse, Hugues"]
[Black "Roy, Myriam"]
[Result "1-0"]
[WhiteElo "2234"]
[BlackElo "1993"]
[PlyCount "51"]
[GameId "2160767909216655"]
[EventDate "2013.11.08"]
[EventType "swiss"]
[EventRounds "5"]
[EventCountry "CAN"]
[SourceTitle "hb 2013"]

1. d4 d5 2. c4 c6 3. Nf3 Nf6 4. e3 e6 5. b3 Be7 6. Bd3 Nbd7 7. O-O O-O 8. Bb2 b6 9. Nc3 Bb7 10. Qe2 Rc8 11. Rac1 dxc4 12. bxc4 c5 13. Rfd1 cxd4 14. exd4 Bb4 15. Ng5 Bxc3 16. Bxc3 h6 17. Nf3 Qc7 18. Bb4 Rfe8 19. Ne5 Nb8 20. Bc3 Red8 21. Ng4 Qf4 22. Nxf6+ Qxf6 23. d5 Qg5 24. Qe4 Qf5 25. Qd4 Qg5 26. f4 1-0

[Event "Varennes"]
[Site "Varennes CAN"]
[Date "2013.11.08"]
[Round "1"]
[White "Nikulich, Oleksandr"]
[Black "Ouellet, Maili-Jade"]
[Result "1/2-1/2"]
[WhiteElo "2098"]
[BlackElo "1817"]
[PlyCount "62"]
[GameId "2160767909216656"]
[EventDate "2013.11.08"]
[EventType "swiss"]
[EventRounds "5"]
[EventCountry "CAN"]
[SourceTitle "hb 2013"]

1. e4 c5 2. Ne2 e6 3. g3 Nc6 4. Bg2 Nf6 5. O-O d5 6. exd5 exd5 7. d4 Bf5 8. Re1 c4 9. b3 Be7 10. bxc4 dxc4 11. Na3 Na5 12. Rb1 Be4 13. Nf4 Bxg2 14. Nxg2 O-O 15. Ne3 Rc8 16. Nf5 Re8 17. Nxe7+ Rxe7 18. Bg5 Rd7 19. c3 Rd5 20. Qf3 Rxg5 21. Re5 Rxe5 22. dxe5 Nd7 23. Rd1 Qc7 24. Nb5 Nxe5 25. Qd5 Qe7 26. Nd6 Rf8 27. Qxa5 Nf3+ 28. Kg2 Qe2 29. Qd5 Ne1+ 30. Kg1 Nf3+ 31. Kg2 Ne1+ 1/2-1/2

[Event "Varennes"]
[Site "Varennes CAN"]
[Date "2013.11.08"]
[Round "1"]
[White "Sambuev, Bator"]
[Black "Le Duin, Thierry"]
[Result "1-0"]
[WhiteElo "2586"]
[BlackElo "2063"]
[PlyCount "63"]
[GameId "2160767909216657"]
[EventDate "2013.11.08"]
[EventType "swiss"]
[EventRounds "5"]
[EventCountry "CAN"]
[SourceTitle "hb 2013"]

1. d4 Nf6 2. Nf3 d6 3. Nc3 g6 4. e4 Bg7 5. Be2 Bg4 6. O-O O-O 7. Bg5 Nc6 8. d5 Nb8 9. Re1 a5 10. Qd2 Na6 11. e5 dxe5 12. Nxe5 Bf5 13. a3 Nc5 14. Bf3 Re8 15. Rad1 Ncd7 16. Nc4 Qc8 17. h3 h5 18. Re2 Kf8 19. Nb5 a4 20. Bf4 Nb6 21. Nxb6 cxb6 22. Nc7 Ra5 23. Nxe8 Nxe8 24. Rde1 Bf6 25. d6 Nxd6 26. Bxd6 exd6 27. Qh6+ Bg7 28. Re8+ Qxe8 29. Rxe8+ Kxe8 30. Qxg7 Bxc2 31. Qd4 Rb5 32. Qxd6 1-0

[Event "Varennes"]
[Site "Varennes CAN"]
[Date "2013.11.08"]
[Round "1"]
[White "Tomb, Maroun"]
[Black "Barre, Michel"]
[Result "1-0"]
[WhiteElo "2200"]
[BlackElo "1955"]
[PlyCount "45"]
[GameId "2160767909216658"]
[EventDate "2013.11.08"]
[EventType "swiss"]
[EventRounds "5"]
[EventCountry "CAN"]
[SourceTitle "hb 2013"]

1. e4 d5 2. exd5 Qxd5 3. Nc3 Qd6 4. d4 Nf6 5. Bd3 a6 6. Nge2 Nc6 7. Bf4 e5 8. dxe5 Nxe5 9. O-O Bg4 10. h3 Bh5 11. Qd2 O-O-O 12. Qe3 Nfd7 13. Bf5 f6 14. Qa7 c6 15. Rad1 Qc5 16. Qa8+ Kc7 17. Rxd7+ Rxd7 18. Bxd7 Kxd7 19. Rd1+ Ke6 20. Be3 Qb4 21. Nf4+ Kf5 22. Qc8+ Kg5 23. Nfd5+ 1-0

[Event "Varennes"]
[Site "Varennes CAN"]
[Date "2013.11.08"]
[Round "1"]
[White "Villeneuve, Robert"]
[Black "Libersan, Thierry"]
[Result "1/2-1/2"]
[WhiteElo "1948"]
[BlackElo "2144"]
[PlyCount "107"]
[GameId "2160767909216659"]
[EventDate "2013.11.08"]
[EventType "swiss"]
[EventRounds "5"]
[EventCountry "CAN"]
[SourceTitle "hb 2013"]

1. e4 c5 2. Nf3 e6 3. Nc3 Nc6 4. d4 cxd4 5. Nxd4 Qc7 6. Be2 a6 7. Be3 b5 8. a3 Bb7 9. O-O Nf6 10. f4 d6 11. Kh1 Rc8 12. Nb3 Be7 13. Qe1 O-O 14. Rd1 b4 15. axb4 Nxb4 16. Bd3 d5 17. e5 Ne4 18. Bxe4 dxe4 19. Rf2 Bh4 20. g3 Be7 21. Rfd2 Rfd8 22. Nd4 Bc5 23. Qf2 Nd3 24. cxd3 Rxd4 25. dxe4 Rxd2 26. Qxd2 Bb4 27. Qd4 Bxc3 28. bxc3 h5 29. Kg1 Qxc3 30. Rc1 Qxd4 31. Rxc8+ Bxc8 32. Bxd4 Bb7 33. Bc5 Bxe4 34. Bb4 f6 35. Bc3 Kf7 36. Kf2 Kg6 37. exf6 gxf6 38. Ke3 Bg2 39. Kf2 Bh3 40. Ba5 Kf5 41. Ke3 e5 42. fxe5 fxe5 43. Bc3 Ke6 44. Ke4 Bg2+ 45. Ke3 Kd5 46. Kf2 Bh3 47. Ke3 Bf5 48. Ba5 Bg6 49. h3 Bf5 50. g4 Bxg4 51. hxg4 hxg4 52. Bc3 e4 53. Kf4 Kc4 54. Ba5 1/2-1/2

[Event "Varennes"]
[Site "Varennes CAN"]
[Date "2013.11.08"]
[Round "1"]
[White "Weston, Paul"]
[Black "Nicula, Marius"]
[Result "0-1"]
[WhiteElo "1975"]
[BlackElo "2210"]
[PlyCount "44"]
[GameId "2160767909216660"]
[EventDate "2013.11.08"]
[EventType "swiss"]
[EventRounds "5"]
[EventCountry "CAN"]
[SourceTitle "hb 2013"]

1. f4 g6 2. Nf3 Bg7 3. e4 c5 4. Nc3 Nc6 5. Bb5 Nd4 6. Bc4 e6 7. O-O Ne7 8. Nxd4 cxd4 9. Ne2 O-O 10. d3 d5 11. Bb3 dxe4 12. dxe4 Qb6 13. Kh1 Bd7 14. a4 a5 15. Ng3 Kh8 16. Rb1 Qc5 17. c4 f6 18. Qd3 Nc6 19. Be3 dxe3 20. Qxd7 Nd4 21. Bd1 Rfd8 22. Qxb7 Ra7 0-1

[Event "Varennes"]
[Site "Varennes CAN"]
[Date "2013.11.09"]
[Round "2"]
[White "Barre, Michel"]
[Black "Cloutier, Mario"]
[Result "0-1"]
[WhiteElo "1955"]
[BlackElo "2048"]
[PlyCount "92"]
[GameId "2160767909216661"]
[EventDate "2013.11.08"]
[EventType "swiss"]
[EventRounds "5"]
[EventCountry "CAN"]
[SourceTitle "hb 2013"]

1. e4 c5 2. Nc3 Nc6 3. f4 g6 4. Nf3 Bg7 5. Bb5 Nd4 6. O-O a6 7. Bd3 d6 8. Nxd4 Bxd4+ 9. Kh1 e6 10. Ne2 Bg7 11. f5 Nf6 12. c3 Ng4 13. Ng3 Qh4 14. h3 Ne5 15. Rf3 Nxf3 16. Qxf3 Be5 17. Ne2 Qe1+ 18. Ng1 Qg3 19. Qxg3 Bxg3 20. b3 exf5 21. Bb2 fxe4 22. Bxe4 O-O 23. Nf3 Re8 24. Bd5 Rb8 25. Bc4 b5 26. Bd5 Bb7 27. Bxb7 Rxb7 28. Kg1 Rbe7 29. c4 b4 30. Bf6 Re6 31. Bg5 f6 32. Be3 Kg7 33. Bf2 Bxf2+ 34. Kxf2 g5 35. a3 a5 36. axb4 axb4 37. Ra6 h5 38. Kg3 d5 39. Ra7+ R6e7 40. Ra1 dxc4 41. bxc4 Re4 42. Rc1 b3 43. Rb1 Rb8 44. d3 Re2 45. Ne1 b2 46. Kf3 Rxe1 0-1

[Event "Varennes"]
[Site "Varennes CAN"]
[Date "2013.11.09"]
[Round "2"]
[White "Gilbert, Erick"]
[Black "Dupuis, Stephane"]
[Result "0-1"]
[WhiteElo "1877"]
[BlackElo "2150"]
[PlyCount "52"]
[GameId "2160767909216663"]
[EventDate "2013.11.08"]
[EventType "swiss"]
[EventRounds "5"]
[EventCountry "CAN"]
[SourceTitle "hb 2013"]

1. Nf3 d6 2. g3 Bg4 3. Bg2 Qc8 4. h3 Bd7 5. d4 g6 6. c3 Nf6 7. Bg5 Bg7 8. Qc1 O-O 9. Bh6 Re8 10. Bxg7 Kxg7 11. Nbd2 e5 12. dxe5 dxe5 13. e4 Na6 14. Qc2 b5 15. Nb3 c5 16. Kf1 c4 17. Nbd2 Bc6 18. Re1 Nc5 19. Re3 Qb7 20. Ne1 Rad8 21. f3 Nh5 22. b4 Ne6 23. Kf2 Rd6 24. Nf1 Qb6 25. Qe2 Red8 26. Nc2 Nhf4 0-1

[Event "Varennes"]
[Site "Varennes CAN"]
[Date "2013.11.09"]
[Round "2"]
[White "Langlois-Remillard, Alexis"]
[Black "Nikulich, Oleksandr"]
[Result "0-1"]
[WhiteElo "1923"]
[BlackElo "2098"]
[PlyCount "96"]
[GameId "2160767909216664"]
[EventDate "2013.11.08"]
[EventType "swiss"]
[EventRounds "5"]
[EventCountry "CAN"]
[SourceTitle "hb 2013"]

1. g3 d5 2. Bg2 Nf6 3. Nf3 Bg4 4. O-O Nbd7 5. c4 e6 6. d4 c6 7. b3 Be7 8. Bb2 O-O 9. Nbd2 Qb6 10. Qc2 Qa6 11. Ne5 Bxe2 12. Rfe1 Bh5 13. Nxd7 Nxd7 14. cxd5 cxd5 15. Bxd5 Rac8 16. Qb1 Bb4 17. Bc4 b5 18. Be2 Bxd2 19. Bxh5 Bxe1 20. Qxe1 Rc2 21. Qb1 Rfc8 22. Bd1 R2c7 23. Qd3 Qb6 24. a4 b4 25. d5 exd5 26. Bg4 Qd6 27. Bf5 h6 28. Re1 Rf8 29. g4 Rd8 30. g5 hxg5 31. Qh3 Qh6 32. Qg3 Rb7 33. Bc1 Qh4 34. Qd6 g4 35. Qxd5 Rc7 36. Qd6 Rxc1 37. Rxc1 Nf8 38. Qxb4 Qg5 39. Rc5 Qe7 40. Bxg4 Ng6 41. Rb5 Qc7 42. Qc4 Qe7 43. Bf3 Nh4 44. Qe2 Qf6 45. Bg2 Qg6 46. f4 Rd1+ 47. Kf2 Qxg2+ 48. Ke3 Qg1+ 0-1

[Event "Varennes"]
[Site "Varennes CAN"]
[Date "2013.11.09"]
[Round "2"]
[White "Le Duin, Thierry"]
[Black "Roy, Myriam"]
[Result "1-0"]
[WhiteElo "2063"]
[BlackElo "1993"]
[PlyCount "76"]
[GameId "2160767909216665"]
[EventDate "2013.11.08"]
[EventType "swiss"]
[EventRounds "5"]
[EventCountry "CAN"]
[SourceTitle "hb 2013"]

1. d4 d5 2. Nf3 Nf6 3. c3 e6 4. Bg5 Be7 5. Nbd2 b6 6. e3 Bb7 7. Bb5+ c6 8. Bd3 Nbd7 9. Ne5 O-O 10. f4 c5 11. h4 Ne4 12. Bxe7 Qxe7 13. Bxe4 dxe4 14. Qc2 f5 15. Nxd7 Qxd7 16. Nc4 Qe7 17. Ne5 Rfd8 18. O-O-O a5 19. g3 a4 20. a3 b5 21. dxc5 Qxc5 22. Rd4 Bd5 23. Rhd1 Rd6 24. Qe2 Rad8 25. Qh5 Qc7 26. Qg5 Rf8 27. g4 Rc6 28. Nxc6 Qxc6 29. gxf5 Rxf5 30. Qd8+ Rf8 31. Qg5 Rf5 32. Qg4 Rf8 33. Rg1 Qc7 34. Rxe4 Bxe4 35. Qxe6+ Qf7 36. Qxe4 Re8 37. Qd4 Qe7 38. e4 Ra8 1-0